|
|
|
|
| LEADER |
01189nam a2200289 a 4500 |
| 001 |
2974989 |
| 008 |
930616s1991 ph b 000 0 eng d |
| 010 |
|
|
|a \\\91945397
|
| 020 |
|
|
|a 9718508104
|
| 040 |
|
|
|a DLC
|c DLC
|d DLC
|
| 082 |
0 |
0 |
|a 362.1/086/942599
|2 20
|
| 100 |
1 |
|
|a Hardon, Anita.
|
| 245 |
1 |
0 |
|a Confronting ill health :
|b medicines, self-care, and the poor in Manila /
|c Anita P. Hardon.
|
| 260 |
|
|
|a Quezon City :
|b Health Action Information Network,
|c 1991.
|
| 300 |
|
|
|a xvi, 279 p. ;
|c 26 cm.
|
| 504 |
|
|
|a Includes bibliographical references (p. 225-242).
|
| 541 |
1 |
|
|e 00006553
|
| 650 |
|
0 |
|a Poor
|x Medical care
|z Philippines
|z Manila.
|
| 650 |
|
0 |
|a Poor
|x Health and hygiene
|z Philippines
|z Manila.
|
| 650 |
|
0 |
|a Drugs
|z Philippines
|z Manila.
|
| 650 |
|
2 |
|a Drug Therapy
|x methods.
|
| 650 |
|
2 |
|a Physician's Practice Patterns.
|
| 650 |
|
2 |
|a Poverty
|z Philippines.
|
| 650 |
|
2 |
|a Self Medication
|x methods.
|
| 852 |
4 |
|
|a Ayesha Abed Library
|j Generalshelf
|
| 999 |
|
|
|c 870
|d 870
|
| 952 |
|
|
|0 0
|1 0
|2 ddc
|4 0
|6 362_108694259900000_HAR_1991
|7 0
|8 NFIC
|9 809
|a BRACUL
|b BRACUL
|c GEN
|d 2009-05-19
|g 0.00
|l 0
|o 362.1086942599 HAR
|p 3010006553
|r 2009-05-19
|t 1
|w 2009-05-19
|y BK
|x No price found in the accession register.
|